00753nam a2200217 a 4500001001000000005001700010008004100027041000800068044000700076050002200083245009800105260002500203300005700228440003100285500003800316500004200354504003200396651005000428700003600478700002100514BRCA_488020190320204837.0141010c1974----it-ao#####---#000-0#eng-# aeng ait 4aPG7297b.T67 197410aToscanacby Umberto Baldini... [et al.] ; text translated by Rudolf G. Carpanini ... [et al.] aItaliabElectac1974 a511 p.bil. (algunas a color), 522 láminasc31 cm. 0aBanca Nacionale del Laboro aIncluye índice de ilustraciones aColección Sonia Corcuera de Mancera aBibliografía : p. 493-499 4aToscanavCátalogosxarte e historiazItalia1 aCarpanini, Rudolf G.eTraductor1 aBaldini, Umberto